[Event "Riga Summer Festival 2020"]
[Site "Riga"]
[Date "2020.06.17"]
[Round "1.1"]
[White "Francs, Marats"]
[Black "Sveshnikov, Vladimir"]
[Result "0-1"]
[WhiteElo "1617"]
[BlackElo "2424"]
[Annotator "TA"]
[PlyCount "98"]
[EventDate "2020.06.15"]
[EventType "swiss"]
[EventCountry "LAT"]
[SourceTitle "playchess.com"]
[Source "ChessBase"]
[SourceQuality "1"]

{[%evp 10,98,57,0,0,-10,0,-44,-48,-45,-50,-47,-34,-134,-130,-117,-40,-38,-53,-62,-19,-62,-67,-72,-51,-72,-53,-70,-15,-103,-80,-92,-100,-95,-94,-80,-86,-84,-58,-68,-68,-170,-164,-188,-183,-196,-197,-207,-192,-159,0,-198,-195,-345,-327,-397,-382,-380,-377,-389,-373,-520,-430,-425,-411,-742,-927,-902,-899,-796,-818,-872,-862,-902,-589,-717,-660,-1265,-658,-5823,-5816,-5820,-5293,-29992,-29993,-29994,-29992,-29994,-29993,-29993,-29994]} 1. e4 Nf6 2. e5 Nd5 3. d4 d6 4. Nf3 dxe5 5. Nxe5 c6 6. c4 (6. Be2 $14) 6... Nb4 $1 $11 {B04: Alekhine's Defence: 4 Nf3.} 7. Be3 Bf5 $1 8. Nd3 (8. Na3 {feels hotter.} Nd7 9. Qb3 e6 10. Be2 Nxe5 11. dxe5 Qa5 12. O-O) 8... e5 $1 {[%cal Re5d4] Black is slightly better.} 9. Nxb4 Bxb4+ 10. Nc3 Qa5 11. Qb3 (11. Qc1 $1 $15) 11... exd4 $1 $17 12. Bxd4 O-O (12... Na6 $1 $17 13. O-O-O O-O-O) 13. Be2 $15 Na6 14. O-O Rad8 15. Rad1 Bc5 {[#]} 16. Be5 $146 ({Predecessor:} 16. Bxc5 Nxc5 17. Qa3 Qxa3 18. bxa3 Bc2 19. Rxd8 Rxd8 20. Rc1 Bf5 21. Rd1 Rxd1+ 22. Bxd1 {½-½ (45) Danaci,T (1557)-Baycan,A (1842) Konya 2017}) 16... Bb6 17. Bd6 $1 {[%cal Rd6f8]} Rfe8 18. a3 Nc5 (18... Bg6 $1 $15) 19. Bxc5 (19. Qb4 $11 {keeps the balance.} Ne4 20. Qxa5 Bxa5 21. Nxe4 Rxe4 22. Bd3) 19... Rxd1 ({Much worse is} 19... Bxc5 $6 20. Qxb7 Bxa3 21. Rxd8 $11 (21. bxa3 Qxc3 22. Rxd8 Rxd8 $11)) 20. Qxd1 {Bd6 is the strong threat.} Qxc5 21. Na4 Qe5 22. Bf3 Bc7 $40 {[%csl Gc7][%cal Re5h2][%mdl 128] Black wants a kill.} 23. g3 Rd8 24. Qe1 Qf6 {And now ...Bc2 would win.} 25. Qc3 {[#]} ({White should try} 25. Qe3 $15) 25... Be5 $1 $19 {[%cal Re5c3]} 26. Qe3 Bd4 27. Qf4 g5 28. Qd2 {[#]} Bd3 $1 {[%mdl 512]} 29. Be2 (29. Qxd3 Bxf2+) 29... Bf5 {Strongly threatening ...Bxf2+!} 30. Bf3 {[#]} Be6 $1 {[%cal Re6c4]} 31. Qe2 {[#]} (31. Qc1 $142) 31... b5 $1 {[%mdl 512]} 32. cxb5 cxb5 {White must now prevent ...Bc4.} 33. Nc3 Bxc3 34. bxc3 Bc4 {[%mdl 64] Skewer} 35. Qe4 Bxf1 36. Kxf1 {[%mdl 4096] Endgame KQR-KQB} h6 37. c4 (37. Kg2 $142) 37... bxc4 38. Be2 c3 39. Bd3 Rd4 40. Qe3 Qd6 41. Bc2 Qc5 42. h3 Kg7 43. Kg2 Rd5 {( -> ...Qxe3)} 44. Qe4 {[#]} Rd2 $1 45. Qh7+ {[#]} Kf8 $1 46. Qxh6+ {[#]} Ke7 $1 {Black mates.} 47. Kf3 Rxc2 48. h4 Rxf2+ 49. Kg4 c2 {Accuracy: White = 47%, Black = 78%.} 0-1

[Event "Riga Summer Festival 2020"]
[Site "Riga"]
[Date "2020.06.17"]
[Round "1.2"]
[White "Krivonosov, Oleg"]
[Black "Ozols, Andris"]
[Result "1-0"]
[WhiteElo "2391"]
[BlackElo "1613"]
[Annotator "TA"]
[PlyCount "65"]
[EventDate "2020.06.15"]
[EventType "swiss"]
[EventCountry "LAT"]
[SourceTitle "playchess.com"]
[Source "ChessBase"]
[SourceQuality "1"]

{[%evp 26,65,53,45,66,60,63,64,68,68,153,149,164,150,150,109,105,113,112,111,116,109,135,135,137,124,145,139,180,178,167,186,183,202,921,909,29987,29988,29988,29989,29989,29990]} 1. Nf3 Nf6 2. c4 c5 3. Nc3 g6 4. d4 cxd4 5. Nxd4 Bg7 6. e4 d6 7. Be2 O-O 8. Be3 Bd7 9. O-O Nc6 10. Qd2 Ng4 11. Bxg4 Bxg4 12. f3 Bd7 13. Rfd1 Ne5 14. b3 Nc6 {B38: Sicilian: Maroczy Bind with 5...Bg7 and 7...0-0.} 15. Rac1 {[#]} b6 $146 ({Predecessor:} 15... Nxd4 16. Bxd4 Bc6 17. Bxg7 Kxg7 18. Qd4+ Kg8 19. Nd5 a6 20. c5 Bxd5 21. Qxd5 dxc5 22. Qxb7 {1-0 (83) Virzi,E (1974)-Villalba,F (1852) Milan 2012}) 16. Nd5 Ne5 {White is slightly better.} 17. Bh6 a5 (17... Nc6 $14 18. Bxg7 Kxg7) 18. Bxg7 $16 Kxg7 19. f4 Nc6 20. Nxc6 Bxc6 21. Qd4+ Kg8 22. Nxb6 Rb8 23. Nd5 a4 24. b4 Bxd5 25. cxd5 ({Reject} 25. exd5 $6 Rxb4 26. f5 Qb6 $11) 25... Qd7 26. Rc6 Qg4 27. Rf1 Qe2 28. a3 f5 29. e5 Qa2 $2 {[#]} (29... dxe5 30. fxe5 (30. Qxe5 Qd3 $18) 30... Qe4 31. Qxe4 fxe4) 30. exd6 $18 exd6 31. Rc7 {[%csl Gc7][%cal Rd4g7] White mates.} Rf7 32. Rxf7 Kxf7 33. Qa7+ {[%mdl 64] Double Attack. Accuracy: White = 92%, Black = 49%.} 1-0

[Event "Riga Summer Festival 2020"]
[Site "Riga"]
[Date "2020.06.17"]
[Round "1.3"]
[White "Tolmacevs, Artjoms"]
[Black "Berzinsh, Roland"]
[Result "0-1"]
[WhiteElo "1610"]
[BlackElo "2375"]
[Annotator "TA"]
[PlyCount "78"]
[EventDate "2020.06.15"]
[EventType "swiss"]
[EventCountry "LAT"]
[SourceTitle "playchess.com"]
[Source "ChessBase"]
[SourceQuality "1"]

{[%evp 13,78,-6,0,-15,0,-37,-39,-41,-33,-61,-60,-62,-62,-64,-33,-58,-71,-61,-17,-73,-72,-55,-88,-88,-37,-48,-10,-26,-27,-41,-49,-49,-41,-64,-56,-61,-50,-31,-69,-83,-64,-65,-50,-95,-87,-132,-127,-170,-156,-197,-196,-299,-293,-429,-368,-359,-352,-29981,-29982,-29982,-29982,-29982,-29983,-29982,-29983,-29983,-29984]} 1. e4 e5 2. Nf3 Nc6 3. Bb5 Nge7 4. O-O g6 5. d4 exd4 6. Nxd4 Bg7 7. c3 O-O 8. Bg5 {C60: Ruy Lopez: Unusual Black 3rd moves and 3...g6.} h6 9. Bh4 Nxd4 10. cxd4 {Black is slightly better.} c6 (10... g5 $5 11. Bg3 $8 c6 $15) 11. Ba4 g5 12. Bg3 {With the idea Bd6.} d5 13. e5 Nf5 14. Nc3 Qb6 15. Ne2 {[#]} Be6 $146 ({Predecessor:} 15... Qxb2 16. Qd3 Qb4 17. Bb3 a5 18. a3 Qe7 19. Rfc1 f6 20. exf6 Bxf6 21. f3 Bd7 {0-1 (31) Fernandez Torre,I (2164)-Ladron de Guevara Pinto,P (2369) Linares 2016}) 16. b4 (16. Qd2 $1 $11 {was the only way to keep the balance.}) 16... Qxb4 17. Rb1 Qe7 18. Bc2 b6 (18... f6 $17) 19. f4 g4 20. Be1 {Strongly threatening Qd3.} c5 21. Ng3 Nxg3 22. Bxg3 {Hoping for f5.} f5 23. exf6 Qxf6 24. dxc5 bxc5 25. f5 Bf7 26. Qxg4 Qd4+ 27. Qxd4 Bxd4+ 28. Bf2 Bxf2+ 29. Rxf2 d4 30. Rf4 {[#]} Rfd8 $1 (30... Bxa2 31. Rg4+ Kh8 32. Rb5 $11) 31. Rg4+ {[#]} Kf8 $1 32. Rb7 (32. Rh4 {was called for.}) 32... Rab8 $19 ({Worse is} 32... Bxa2 33. Rh7 $11) 33. Rxa7 (33. Rxb8 $142 Rxb8 34. Bb3) 33... d3 34. Bxd3 Rxd3 35. f6 $2 (35. h4 $19) 35... Rb1+ {Black mates.} 36. Kf2 Rb2+ {[%mdl 64] Double Attack} 37. Ke1 Bh5 38. Ra8+ {[#]} Kf7 $1 39. Ra7+ Kxf6 {Accuracy: White = 49%, Black = 87%.} 0-1

[Event "Riga Summer Festival 2020"]
[Site "Riga"]
[Date "2020.06.17"]
[Round "1.4"]
[White "Mustaps, Matiss"]
[Black "Dombrovska, Stefanija"]
[Result "1-0"]
[WhiteElo "2370"]
[BlackElo "1609"]
[Annotator "TA"]
[PlyCount "97"]
[EventDate "2020.06.15"]
[EventType "swiss"]
[EventCountry "LAT"]
[SourceTitle "playchess.com"]
[Source "ChessBase"]
[SourceQuality "1"]

{[%evp 11,97,42,62,0,20,-5,0,0,15,18,43,2,12,5,22,20,47,37,57,8,29,22,53,-129,-145,-172,-168,-166,-155,-134,251,254,245,252,325,279,319,296,432,420,417,416,421,351,403,327,324,323,321,316,324,321,286,291,329,320,413,414,383,356,360,358,361,335,352,281,296,304,337,328,464,457,444,450,635,625,614,596,603,548,1514,1476,4593,4786,4132,3243,29977,29978]} 1. e4 e5 2. Nf3 Nc6 3. Bb5 Bc5 4. c3 a6 5. Ba4 b5 6. Bb3 d6 7. d3 {C70: Ruy Lopez: 3...a6 4 Ba4, Norwegian and Delayed Schliemann.} ({White should try} 7. a4 $14) 7... h6 8. Nbd2 {[%cal Bb1d2,Bd2f1,Bf1e3,Be3d5][%mdl 32]} Nf6 9. h3 {The position is equal.} Bd7 10. Nf1 {[#]} Qe7 $146 ({Predecessor:} 10... Na5 11. Bc2 Bb6 12. Be3 c5 13. b4 Nb7 14. Ng3 Be6 15. a4 c4 16. Bxb6 Qxb6 17. axb5 cxd3 18. Qxd3 {1-0 (28) Martinelli,R-Portillo,E Punta del Este 2014}) 11. Be3 (11. Ng3 {feels hotter.} Bb6 12. O-O O-O 13. Nh4 Kh8 14. Ngf5) 11... Bxe3 12. Nxe3 O-O 13. g4 Nh7 14. h4 Be6 15. Nd5 Qd7 16. g5 $36 {[%mdl 2048] And now gxh6 would win. White is pushing.} h5 17. g6 $2 (17. d4 $14 {keeps the upper hand.}) 17... fxg6 $17 18. Nxc7 {[#]} Bxb3 $1 19. Qxb3+ Kh8 20. Nxa8 {Threatens to win with a4.} Rxa8 $2 {[%mdl 8192] Now Black is done in.} (20... Rxf3 $17 {stays on course.} 21. O-O-O Qa7) 21. Rg1 $18 Rf8 22. Rg3 Ne7 23. O-O-O Nf6 24. Ng5 Ne8 (24... Nc6 $142 25. Kb1 d5) 25. Nf7+ Kh7 26. d4 exd4 27. Rxd4 Nc6 28. Ng5+ Kh8 29. Rd2 Ne5 30. Qe6 Qxe6 31. Nxe6 Rf6 32. Ng5 Rf4 33. Rh3 Nf7 34. Nxf7+ Rxf7 {[%mdl 4096] Endgame KRR-KRN} 35. e5 dxe5 36. Rd8 Re7 37. Rf3 {Rf8+ is the strong threat.} Kg8 38. b3 e4 39. Rf4 e3 40. fxe3 Rxe3 (40... g5 $142) 41. Kd2 Re6 42. Kd3 Rd6+ (42... g5 $142) 43. Rxd6 Nxd6 {KR-KN} 44. c4 bxc4+ 45. bxc4 {[%cal Bb3c4,Bc4c5,Bc5c6,Bc6c7][%mdl 32]} Nf7 46. c5 Nd8 47. Rd4 Ne6 48. c6 Kf7 {[#]} 49. c7 $1 {[%mdl 512] Accuracy: White = 71%, Black = 50%.} 1-0

[Event "Riga Summer Festival 2020"]
[Site "Riga"]
[Date "2020.06.17"]
[Round "1.5"]
[White "Morkunas, Gustas"]
[Black "Semjonovs, Ilja"]
[Result "0-1"]
[WhiteElo "1607"]
[BlackElo "2362"]
[Annotator "TA"]
[PlyCount "78"]
[EventDate "2020.06.15"]
[EventType "swiss"]
[EventCountry "LAT"]
[SourceTitle "playchess.com"]
[Source "ChessBase"]
[SourceQuality "1"]

{[%evp 12,78,17,7,33,19,23,0,18,0,0,-3,0,0,0,0,12,-27,-2,-51,0,-80,-86,-237,-230,-225,-235,-238,-229,-279,-262,-257,-237,-234,-232,-311,-315,-308,-302,-289,-277,-301,-301,-424,-426,-637,-390,-622,-662,-657,-657,-654,-650,-621,-641,-627,-622,-602,-508,-743,-751,-2910,-2551,-1890,-1611,-29988,-29989,-29988,-5393]} 1. e4 c5 2. Nf3 d6 3. d4 cxd4 4. Nxd4 Nf6 5. Nc3 a6 6. h3 e5 7. Nde2 h5 {B90: Sicilian Najdorf: Unusual White 6th moves, 6 Be3 Ng4 and 6 Be3 e5.} 8. Bg5 Be6 9. Ng3 g6 {The position is equal.} 10. Be2 Be7 11. Nf1 Nbd7 12. Ne3 Rc8 13. O-O {[#]} O-O $146 ({Predecessor:} 13... Qb6 14. Rb1 Qa5 15. a3 Qd8 16. a4 O-O 17. Bh6 Re8 18. Ned5 Bxd5 19. exd5 Nh7 20. Ne4 Ndf6 21. Nc3 Nd7 22. Ne4 {½-½ (22) Paragua,M (2508)-Nolte,R (2453) Kuala Lumpur 2012}) 14. Kh1 b5 15. a3 Re8 (15... Rxc3 $15 16. bxc3 Nxe4 17. Bxe7 Qxe7) 16. f4 (16. Qd2 $11 {remains equal.}) 16... Rxc3 $17 {[%mdl 64] Remove Defender} 17. bxc3 $2 {This move loses the game for White.} (17. f5 $17 {was the only chance.} Rc8 18. fxe6 fxe6 19. Bd3) 17... Nxe4 $19 {[%mdl 64] Double Attack} 18. Bxe7 Qxe7 (18... Rxe7 19. Qe1 $15) 19. Qe1 {[#]} h4 $1 20. fxe5 Ng3+ {[%mdl 64] Double Attack, Zwischenzug} ({Weaker is} 20... dxe5 21. Rf3 $17) (20... Nxe5 21. Kg1 $19) 21. Kg1 Qg5 ({Don't play} 21... dxe5 22. Rf2 $19) (21... Nxe5 22. Qd2 $19) 22. Qf2 Nxe5 ({But not} 22... Nxf1 23. Rxf1 Qxe5 24. c4) 23. Bf3 Nxf1 24. Rxf1 Bxh3 25. Bd5 {[%cal Rd5f7]} Be6 26. Bxe6 Rxe6 27. Nd5 (27. c4 {was worth a try.}) 27... h3 28. g3 (28. Ne3 $142) 28... Kg7 29. Nc7 (29. c4 $142) 29... Re7 30. Nd5 {[#]} Ng4 $1 {[%mdl 576] Discovered Attack} 31. Qd4+ Re5 32. Nf4 {[#]} Ne3 $1 33. Rf3 Nf5 34. Qf2 Re4 35. Kh2 Nh6 36. Qd2 Ng4+ 37. Kh1 Qe5 {( -> ...Re1+)} 38. Nd3 {[#]} Qd5 $1 39. Kg1 h2+ {Accuracy: White = 40%, Black = 79%.} (39... Re1+ $142 40. Qxe1 Qxf3 41. Qd2 f5 42. a4 bxa4 43. Ne1 Qxg3+ 44. Kf1 h2 45. Ke2 h1=Q 46. Kd1 Ne3+ 47. Kc1 Qhxe1+ 48. Kb2 Qxd2 49. Ka3 Nc4+ 50. Kxa4 Qxc2+ 51. Kb4 Qgxc3#) 0-1

[Event "Riga Summer Festival 2020"]
[Site "Riga"]
[Date "2020.06.17"]
[Round "2.1"]
[White "Sveshnikov, Vladimir"]
[Black "Gudovskis, Konstantins"]
[Result "1-0"]
[WhiteElo "2424"]
[BlackElo "2025"]
[Annotator "TA"]
[PlyCount "99"]
[EventDate "2020.06.15"]
[EventType "swiss"]
[EventCountry "LAT"]
[SourceTitle "playchess.com"]
[Source "ChessBase"]
[SourceQuality "1"]

{[%evp 9,99,22,18,33,7,9,27,33,22,21,50,51,40,0,21,-2,9,11,14,16,4,0,12,5,37,20,91,45,31,33,73,50,145,143,128,47,52,10,29,0,0,0,0,0,0,0,0,0,7,0,0,25,20,27,77,77,110,18,25,29,56,5,254,254,338,316,279,0,270,270,817,803,780,752,958,935,29977,29978,29978,29979,29977,29972,29985,29986,29986,29987,29987,29988,29988,29989,29989,29989]} 1. e4 e5 2. Nc3 Nf6 3. Bc4 Bb4 4. Nge2 c6 5. O-O d5 6. exd5 {C27: Vienna Game: 2...Nf6 3 Bc4 Nxe4.} cxd5 7. Bb5+ Nc6 8. d4 {Hoping for dxe5.White has an edge.} e4 9. Bg5 {[#]} Bg4 $146 ({Predecessor:} 9... Be6 10. Nf4 Bxc3 11. bxc3 h6 12. Nxe6 fxe6 13. Bxf6 Qxf6 14. f3 Qg5 15. fxe4 dxe4 {1-0 (51) Holecko,R (2210)-Krajnak,J (2067) Slovakia 2001}) 10. h3 Bxe2 11. Nxe2 (11. Qxe2 {keeps more tension.} O-O 12. Bxf6 gxf6 13. Qh5 Bxc3 14. Bxc6 bxc6 15. bxc3 Qd6 16. Rae1) 11... O-O 12. f3 Be7 13. Bxf6 Bxf6 14. fxe4 dxe4 15. c3 Bh4 16. Nf4 Qe7 (16... Qg5 $5 {[%cal Rg5b5]} 17. Qe2 e3 $11) 17. Qe2 Bg3 (17... f5 $11 {keeps the balance.}) 18. Qe3 Bxf4 19. Rxf4 f5 20. Raf1 Qe6 (20... g6 $1 $14) 21. b3 $1 $16 Kh8 22. g4 (22. Bc4 $16 Qd7 23. Qxe4 $1 {[%mdl 576] Pin}) 22... g6 $14 23. c4 {Strongly threatening d5.} (23. Bc4 $5 {[%cal Rc4e6]} Qd7 24. R4f2 $11) 23... Ne7 24. Qc3 {Black must now prevent d5+.} Kg7 25. d5+ Qf6 26. Qxf6+ Rxf6 27. gxf5 gxf5 28. Bd7 Raf8 29. Be6 b6 30. R1f2 a5 31. Kf1 Rxe6 32. dxe6 $11 {[%mdl 4096] Endgame KRR-KRN} Rf6 33. Ke2 (33. Rg2+ $16 Kf8 34. Rc2) 33... Rxe6 34. Ke3 Kf6 35. Rh4 (35. Rd2 $1 $14) 35... Ke5 $2 (35... Kg7 $11 {and Black is okay.}) 36. Rxh7 $18 Ng6 37. Rh5 Ne7 38. Rh7 Ng6 {[#]} 39. Rf7 $1 Rf6 $2 (39... f4+ 40. R7xf4 Nxf4 41. Rxf4 Rd6 42. Rxe4+ Kf5) 40. Rxf6 Kxf6 {KR-KN} 41. Rd2 Ne7 42. Rd7 Ke6 {[#]} 43. Rxe7+ $1 {[%mdl 512] White mates.} Kxe7 {KP-KP} 44. Kf4 Kd6 45. h4 Kc5 46. h5 Kd4 47. h6 e3 48. h7 Kd3 49. h8=Q e2 50. Qe5 {Accuracy: White = 81%, Black = 52%.} 1-0

[Event "Riga Summer Festival 2020"]
[Site "Riga"]
[Date "2020.06.17"]
[Round "2.2"]
[White "Krivenko, Dion"]
[Black "Krivonosov, Oleg"]
[Result "1-0"]
[WhiteElo "1992"]
[BlackElo "2391"]
[Annotator "TA"]
[PlyCount "97"]
[EventDate "2020.06.15"]
[EventType "swiss"]
[EventCountry "LAT"]
[SourceTitle "playchess.com"]
[Source "ChessBase"]
[SourceQuality "1"]

{[%evp 14,97,-22,0,17,0,34,17,15,9,10,0,0,0,-6,-77,-5,-9,-2,-8,-13,-13,4,0,4,0,0,0,15,20,35,14,15,18,43,43,38,40,57,58,120,108,231,231,231,231,231,231,231,195,195,195,195,195,195,164,195,195,188,188,178,164,456,445,439,432,436,431,422,419,494,493,478,475,609,626,731,718,897,887,2302,2220,2972,2733,5214,1450]} 1. e4 e5 2. Nf3 Nc6 3. d4 exd4 4. Nxd4 Bc5 5. Nb3 Bb6 6. Nc3 Nf6 7. Bg5 h6 8. Bh4 d6 {C45: Scotch Game.} 9. f3 g5 10. Bg3 Qe7 {[#] The position is equal.} 11. a4 $146 ({Predecessor:} 11. Qd2 Bd7 12. h4 Rg8 13. O-O-O O-O-O 14. hxg5 hxg5 15. Rh6 Be6 16. Bb5 Bxb3 17. axb3 {1-0 (41) Navara,D (2726)-Malakhov,V (2691) Antalya 2017}) 11... a6 12. Qd2 Be6 13. O-O-O O-O-O 14. Bd3 (14. Re1 $11) 14... Nh5 (14... d5 $17 {And now ...dxe4 would win.} 15. Rhe1 Nb4 16. exd5 Nfxd5) 15. Bf2 $11 Bxf2 16. Qxf2 Nf4 17. Nd4 {aiming for Nxc6.} Nxd4 18. Qxd4 Kb8 19. g3 Nxd3+ 20. Qxd3 c6 21. Rhe1 h5 22. Qd4 Bc8 23. Re2 h4 24. g4 f6 25. Red2 Rd7 26. a5 Qd8 (26... Qe5 $14) 27. Qb4 $16 Re8 {Loses the game.} (27... Qe7 $16) 28. Rxd6 $18 Rxd6 29. Qxd6+ ({Don't play} 29. Rxd6 $6 Qe7 $16) 29... Qxd6 30. Rxd6 {[%mdl 4096] Endgame KRB-KRN} Be6 31. b3 Kc7 32. Rd2 b6 33. axb6+ Kxb6 34. Ne2 a5 35. Nc3 Kc7 36. Na4 Bc8 37. c4 f5 $2 (37... Be6 38. Kc2 Bc8) 38. gxf5 g4 39. Nc3 gxf3 40. Rf2 Kd6 41. Rxf3 Ke5 42. Kd2 {White is clearly winning.} Rg8 43. Ke3 Bd7 44. Na4 Kd6 45. Kd4 Be8 46. e5+ Ke7 47. f6+ Kf8 48. e6 Bh5 {[#]} 49. Rf4 {Accuracy: White = 87%, Black = 54%.} (49. Nc5 $142 $3 {[%mdl 512]} Be8 {[#]} 50. f7 $1 {[%mdl 576] Double Attack}) 1-0

[Event "Riga Summer Festival 2020"]
[Site "Riga"]
[Date "2020.06.17"]
[Round "2.3"]
[White "Berzinsh, Roland"]
[Black "Olde, Grete"]
[Result "1-0"]
[WhiteElo "2375"]
[BlackElo "1968"]
[Annotator "TA"]
[PlyCount "83"]
[EventDate "2020.06.15"]
[EventType "swiss"]
[EventCountry "LAT"]
[SourceTitle "playchess.com"]
[Source "ChessBase"]
[SourceQuality "1"]

{[%evp 15,83,-3,6,4,0,2,26,26,22,27,25,22,25,27,23,32,30,16,19,17,19,19,52,50,53,52,54,53,68,39,72,72,68,62,126,62,117,104,99,104,107,89,92,92,85,73,85,79,133,141,162,160,193,179,185,179,215,202,312,323,851,829,966,852,835,824,787,762,661,621]} 1. e4 e5 2. Nf3 Nc6 3. Bc4 Bc5 4. c3 Nf6 5. d4 exd4 6. e5 d5 7. Bb5 Ne4 8. cxd4 Bb6 9. Be3 {C54: Giuoco Piano: 4 c3 Nf6, main lines with 5 d4 and 5 d3.} O-O 10. Nc3 Nxc3 11. bxc3 {White has an edge.} f6 12. Bxc6 bxc6 13. Qa4 Bd7 14. exf6 {[#]} Qxf6 $146 ({Predecessor:} 14... c5 15. Qa3 cxd4 16. fxg7 Rxf3 17. gxf3 dxe3 18. O-O-O c6 19. fxe3 Bxe3+ 20. Kb2 Qf6 {0-1 (28) Balaian,A (2269)-Goganov,A (2603) St Petersburg 2015}) 15. Ne5 Be8 16. Qa6 c5 {White must now prevent ...cxd4.} 17. O-O cxd4 18. cxd4 Bxd4 19. Qxf6 gxf6 20. Bxd4 {And now Ng4 would win.} fxe5 21. Bxe5 Bb5 22. Rfc1 c6 23. a4 Bc4 24. Ra3 Kf7 ({Better is} 24... Rfe8 $14 25. Rg3+ Kf8) 25. f4 (25. Rh3 $16) 25... Ke7 (25... Ke8 $1 $14) 26. Rh3 Rf7 27. Rh6 Rc8 28. Kf2 c5 29. h3 Ke8 30. g4 Bb3 31. a5 d4 {[#]} (31... Rd7 $142) 32. Rd6 $1 $16 Rd7 {[#] Black wants to play ...Rxd6.} 33. Rxd4 $1 {[%mdl 512]} cxd4 34. Rxc8+ $18 {[%mdl 4096] Endgame KRB-KRB} Kf7 {With the idea ...d3.} 35. Ke2 d3+ 36. Kd2 Ba4 (36... Ke6 {is a better defense.} 37. Bc3 Bd5 38. f5+ Kd6 39. Kxd3 Bg2) 37. f5 Bb5 $2 (37... Re7 38. Rc5 a6 39. Kxd3 Bb5+ 40. Ke3 Rb7) 38. Rh8 {White is clearly winning.} Rd5 39. Rxh7+ Kg8 40. Rg7+ Kf8 41. Bc3 a6 42. f6 {Accuracy: White = 90%, Black = 55%.} 1-0

[Event "Riga Summer Festival 2020"]
[Site "Riga"]
[Date "2020.06.17"]
[Round "2.4"]
[White "Golsta, Madara"]
[Black "Mustaps, Matiss"]
[Result "1-0"]
[WhiteElo "1903"]
[BlackElo "2370"]
[Annotator "TA"]
[PlyCount "65"]
[EventDate "2020.06.15"]
[EventType "swiss"]
[EventCountry "LAT"]
[SourceTitle "playchess.com"]
[Source "ChessBase"]
[SourceQuality "1"]

{[%evp 13,65,25,56,45,61,47,56,50,65,64,65,64,70,63,58,58,80,56,67,0,54,50,49,80,66,72,62,45,27,29,20,18,43,26,60,86,56,18,20,23,19,17,38,42,37,0,775,777,771,708,29990,29991,29997,29998]} 1. e4 c5 2. Nf3 e6 3. d4 cxd4 4. Nxd4 a6 5. c4 Nf6 6. Nc3 Qc7 7. a3 Nc6 8. Be2 {B41: Sicilian: Kan Variation: 5 c4.} Be7 9. O-O d6 10. Be3 {White is slightly better.} Bd7 11. Rc1 Nxd4 12. Qxd4 O-O 13. f4 Rfd8 14. b4 Rac8 {[#]} 15. Kh1 $146 ({Predecessor:} 15. Qd3 Be8 16. g4 Kh8 17. g5 Ng8 18. f5 Qd7 19. Bg4 Rc6 20. fxe6 fxe6 21. Nd5 {1-0 (40) Gonzalez Lopez,N (1868)-Reina,O Bogota 2013}) 15... Qb8 16. Bf2 (16. a4 $14) 16... Be8 (16... Bc6 $11) 17. Qe3 b5 18. e5 dxe5 19. fxe5 Nd7 20. cxb5 axb5 21. Nxb5 Nxe5 22. Bg3 Rxc1 23. Rxc1 Bxb5 24. Bxe5 Qb7 25. Bf3 (25. Rc7 $5 {[%cal Rc7b7]} Qd5 26. Rxe7 (26. Bf3 Bg5 $11 {[%mdl 64] Back Rank}) 26... Bxe2 27. h3 $14) 25... Qa6 26. Rc7 $40 {[%mdl 128] White attacks.} Rd7 27. h3 f6 28. Bb7 Qa4 29. Bc8 fxe5 $4 {[%mdl 8192]} (29... Qd1+ $11 30. Qg1 Qxg1+ 31. Kxg1 Rd1+ 32. Kh2 Kf8) 30. Bxd7 $18 Bxd7 {[#]} 31. Qd2 $1 Qxa3 32. Qxd7 {[%mdl 64] Double Attack} Qa6 33. Qe8+ {Accuracy: White = 85%, Black = 74%.} 1-0